Biblioteca

Diccionario bilingüe de sinónimos y antónimos / Alfonso Forero Delgadillo (Registro nro. 48500)

Detalles MARC
000 -LÍDER
Campo fijo de descripción fija 005670000a22002170004500
001 - NÚMERO DE CONTROL
Campo de control 1331
003 - IDENTIFICADOR DEL NÚMERO DE CONTROL
Campo de control CO-MdFUSB
005 - FECHA Y HORA DE LA ULTIMA TRANSACCIÓN
control field 20180410145136.0
008 - ELEMENTOS DE LONGITUD FIJA -- INFORMACIÓN GENERAL
Campo fijo de descripción fija -- Información general 180207b xxu||||| |||| 00| 0 eng d
020 ## - NÚMERO INTERNACIONAL NORMALIZADO PARA LIBROS
Número Internacional Normalizado del libro 958-8110-13-0
040 ## - FUENTE DE CATALOGACIÓN
Agencia que realiza la transcripción CO-MdBIC
082 04 - NÚMERO DE CLASIFICACIÓN DECIMAL DEWEY
Número de clasificación 423 P943b
100 1# - ASIENTO PRINCIPAL--NOMBRE PERSONAL
Nombre personal Forero Delgadillo, Alfonso
245 10 - TÍTULO
Título del Material Diccionario bilingüe de sinónimos y antónimos / Alfonso Forero Delgadillo
250 ## - MENCIÓN DE EDICIÓN
Mención de edición 1a ed.
260 ## - PUBLICACIÓN, DISTRIBUCIÓN, ETC. (PIE DE IMPRENTA)
Lugar de publicación, distribución, etc. Bogotá : Prolibros
300 ## - DESCRIPCIÓN FÍSICA
Extensión 382 P.
505 00 - NOTA DE CONTENIDO
Nota de contenido con formato preestablecido T.1 De la A-G T.2 De la G-Z
650 14 - ASIENTO SECUNDARIO DE MATERIA - TERMINO TEMÁTICO
Término temático o nombre geográfico como elemento de entrada DICCIONARIO
942 ## - TIPO DE MATERIAL (KOHA)
Tipo de Item KOHA Z- Libro General BINCO
Existencias
Estado de Material Estado de Perdido Forma de Clasificación Volumen-Parte/Tomo Estado de Dañado No para Préstamo Colección Tomo Biblioteca de Origen Biblioteca Permanente Fecha de Adquisición Total de Préstamos Signatura Topográfica Código de Barras Última vez visto Ejemplar/Existencia Fecha de Remplazo Tipo de Material
    Dewey Decimal Classification       Colección de Referencia 1 Biblioteca Infantil Comunitaria BINCO Biblioteca Infantil Comunitaria BINCO 15/07/2008   423 P943b1 B31693 24/11/2016 1 26/01/2016 Z- Libros de Referencia BINCO
    Dewey Decimal Classification       Colección de Referencia 2 Biblioteca Infantil Comunitaria BINCO Biblioteca Infantil Comunitaria BINCO 15/07/2008   423 P94b2 B31694 24/11/2016 1 26/01/2016 Z- Libros de Referencia BINCO

Biblioteca FUSBC | Teléfono: (57+4) 349 88 10 Ext. 141| WhatsApp (+57) 3005338115 
E-mail: biblioteca@unisbc.edu.co | Calle 76 87-14 Robledo Palenque, Medellín, Colombia

Con tecnología Koha